Útek do prívetivých daňových končín Off-shore spoločnosti nie sú len výsadou koncernov

Podrobná bibliografia
Hlavní autori: Petrovič, Pavol (Autor), Vavruška, David (Autor)
Médium: Článok
Jazyk:slovenčina
Fyzický popis:Obr. 1
Predmet:

MARC

LEADER 00000nab a2200000 a 4500
001 vtls000587881
003 SK-MaSNL
005 20260304204350.0
008 120930c1996 xo 0 slo
015 |a SNBRB19rr/mm-uuuuu 
035 |a CL0588020 
040 |a SNKBUCL  |b slo  |c SNKBUCL  |e AACR2 
041 0 |a slo 
044 |a xo  |c SK 
080 |a 336.2.027.7/.8:347.72.02  |2 1981 
080 |a 347.72.02  |2 1981 
100 1 |a Petrovič, Pavol  |4 aut  |9 246716 
245 1 0 |a Útek do prívetivých daňových končín  |b Off-shore spoločnosti nie sú len výsadou koncernov  |c Pavol Petrovič, David Vavruška 
300 |b Obr. 1 
650 0 7 |a dane  |2 snkbucl  |9 2123 
650 0 7 |a daňové raje  |2 snkbucl  |9 247456 
650 0 7 |a spoločnosti off shore  |2 snkbucl  |9 849287 
655 7 |a články z novín a časopisov  |2 snkbucl  |9 267496 
700 1 |a Vavruška, David  |4 aut  |9 1537591 
773 0 |t Slovenský profit  |g Roč. 4, č. 23 (1996), s. 14 
850 |a Slovenská národná knižnica v Martine  |a MTA001 
852 |a SNK  |b KIS3GCP 
958 |a RK 
992 |a RBX 
999 |c 3115608  |d 3117538